Statistiques concernant Game of Thrones ou Le Seigneur des Anneaux

Cliquez ici pour prendre le quiz!

Statistiques générales

  • Ce quiz a été pris 876 fois
  • Le résultat moyen est 25 sur 30

Statistiques - réponses

HintRéponse% Correct
AryaGame of Thrones
96%
DaenerysGame of Thrones
95%
CerseiGame of Thrones
95%
RobbGame of Thrones
95%
GollumLe Seigneur des Anneaux
95%
VarysGame of Thrones
94%
IsildurLe Seigneur des Anneaux
94%
SauronLe Seigneur des Anneaux
94%
FrodonLe Seigneur des Anneaux
93%
MargaeryGame of Thrones
92%
TheonGame of Thrones
91%
AragornLe Seigneur des Anneaux
91%
TywinGame of Thrones
90%
GendryGame of Thrones
90%
SylvebarbeLe Seigneur des Anneaux
90%
YgritteGame of Thrones
88%
ÉowynLe Seigneur des Anneaux
87%
CelebornLe Seigneur des Anneaux
86%
GripoilLe Seigneur des Anneaux
85%
MerryLe Seigneur des Anneaux
85%
DenethorLe Seigneur des Anneaux
84%
SandorGame of Thrones
80%
HaldirLe Seigneur des Anneaux
80%
GrimaLe Seigneur des Anneaux
80%
LorasGame of Thrones
78%
EuronGame of Thrones
73%
ObaraGame of Thrones
69%
HámaLe Seigneur des Anneaux
68%
LurtzLe Seigneur des Anneaux
64%
LotharGame of Thrones
43%

Distribution des résultats

Percentile par nombre de réponses

% des personnes avec chaque résultat

Votre développement - résultats

Vous n’avez pas pris ce quiz